01430cam a22003617a 4500003000500000005001700005008004100022010001000063011001000073020001500083035001000098040000900108082002100117110000800138245025100146260002400397300002100421490003300442590004100475590004100516590004100557590004100598590004200639650004900681650002200730830004000752901000700792905002400799942001000823949007900833999001700912952013900929CHAP20220817043720.0001011d1999 it r 00010 eng d a82541 a83513 a9251043159 a94026 cCHAP10a639.2bF46 v.6052 aFAO10aReport of the workshop of national coordinators of the UNEP/GEF/FAO project on reducing the impact of tropical shrimp trawling fisheries on living marine resources through the adoption of environmentally friendly techniques and practicesc/by FAO aRome :bFAO,c1999. a46 p. :bcuadros 0aFAO. Informe de pescav; 605 aBATCH-UPDb10c20130110lUCH01h0238 aBATCH-UPDb10c20130110lUCH01h1044 aBATCH-UPDb10c20130409lUCH01h2304 aBATCH-UPDb10c20130914lUCH01h1348 aCONVERSIONb10c20130109lUCH01h134614aPesqueríazRegión Mediterránea.98752314aRecursos marinos.0 aFAO. Informe de pescav; 605939587 aBK aPatricia Mendoza P. cLIBRO a639.2 F46 v.605bBCcFAOd33724000770814eFAO1h98697i94026kDpnaciØnsb c82541d82541 00104053708FAOaBCbBCcPP_FAOd2019-12-31fLIBROi127l0o639.2 F46 v.605p33724000770814r2019-12-31 00:00:00w2019-12-31yLIBRO